[Event "18th Tilburg Interpolis it"]
[Site "Tilburg NED"]
[Date "1994.??.??"]
[Round "1.5"]
[White "Csernyin, Alexander"]
[Black "Razuvaev, Yuri"]
[Result "1/2-1/2"]
[WhiteElo "2615"]
[BlackElo "2550"]
[EventDate "1994.??.??"]
[PlyCount "96"]

1. c4 Nf6 2. g3 e6 3. Bg2 d5 4. Nf3 dxc4 5. Qa4+ c6 6. Qxc4 b5 7. Qc2 Bb7 8. a4
Na6 9. O-O Nb4 10. Qd1 a6 11. Nc3 Be7 12. d3 O-O 13. Bd2 Qb6 14. Ng5 c5 15.
Nge4 Rac8 16. Nxf6+ Bxf6 17. Bxb7 Qxb7 18. axb5 axb5 19. Ne4 Be7 20. b3 f5 21.
Nc3 Bf6 22. Ra5 Ra8 23. Rxa8 Rxa8 24. Qb1 Nc6 25. Rc1 Ra3 26. Be3 Nd4 27. Bxd4
cxd4 28. Na2 Qd5 29. Rc8+ Kf7 30. Nc1 Kg6 31. Qb2 Ra8 32. Rxa8 Qxa8 33. Na2 h5
34. Nb4 h4 35. gxh4 Qh8 36. Nc2 Qxh4 37. Ne1 Qg4+ 38. Kf1 e5 39. Qc2 e4 40. Ng2
Kh7 41. Kg1 Be5 42. dxe4 fxe4 43. h3 Qg6 44. Kf1 d3 45. exd3 exd3 46. Qd1 Kg8
47. Qf3 Qd6 48. Ne3 Kh8 1/2-1/2

[Event "18th Tilburg Interpolis it"]
[Site "Tilburg NED"]
[Date "1994.??.??"]
[Round "1.2"]
[White "Kovalev, Andrei"]
[Black "Christiansen, Larry"]
[Result "1/2-1/2"]
[WhiteElo "2525"]
[BlackElo "2575"]
[EventDate "1994.??.??"]
[PlyCount "65"]

1. e4 c5 2. c3 e6 3. d4 d5 4. exd5 exd5 5. Nf3 Nc6 6. Bb5 Bd6 7. dxc5 Bxc5 8.
O-O Nge7 9. Nbd2 O-O 10. Nb3 Bb6 11. Bg5 f6 12. Bc1 a6 13. Be2 Re8 14. Nbd4 Nf5
15. Nxf5 Bxf5 16. Bf4 Kh8 17. Qd2 d4 18. Rad1 Qe7 19. Bd3 Bxd3 20. Qxd3 dxc3
21. Qxc3 Qf7 22. a3 Rac8 23. Qd3 Rcd8 24. Qc2 Rc8 25. Qf5 Rcd8 26. Rxd8 Rxd8
27. Re1 Kg8 28. h4 h5 29. Be3 Bc7 30. Bf4 Bb6 31. Be3 Bc7 32. Bf4 Bb6 33. Be3
1/2-1/2

[Event "18th Tilburg Interpolis it"]
[Site "Tilburg NED"]
[Date "1994.??.??"]
[Round "1.4"]
[White "Ye Jiangchuan"]
[Black "Cifuentes Parada, Roberto"]
[Result "1-0"]
[WhiteElo "2575"]
[BlackElo "2490"]
[EventDate "1994.??.??"]
[PlyCount "149"]

1. e4 c5 2. Nf3 e6 3. d4 cxd4 4. Nxd4 Nf6 5. Nc3 Nc6 6. Be2 d6 7. O-O Be7 8.
Kh1 Bd7 9. Nb3 a6 10. a4 Na5 11. f4 Nxb3 12. cxb3 Bc6 13. Bd3 d5 14. e5 Ne4 15.
Be3 O-O 16. Qb1 f5 17. exf6 Bxf6 18. Nxe4 dxe4 19. Bxe4 Bxe4 20. Qxe4 Qd5 21.
Qxd5 exd5 22. Rad1 Rfe8 23. Bd4 Bxd4 24. Rxd4 Rad8 25. Rfd1 Re2 26. R4d2 Re3
27. Rd3 Re2 28. R3d2 Re3 29. Rd3 Re2 30. Kg1 Rxb2 31. R1d2 Rb1+ 32. Kf2 Kf7 33.
Rc2 Rd7 34. Ke3 Re1+ 35. Kf3 Rf1+ 36. Kg4 Kg6 37. Re2 h5+ 38. Kg3 d4 39. Re6+
Kf5 40. Re5+ Kf6 41. Rxh5 Rc1 42. Kf3 Rc3 43. Ke4 Rc2 44. Rf5+ Ke6 45. Rg5 Re2+
46. Kf3 Rb2 47. h4 Rc7 48. Re5+ Kf6 49. Re4 Rc3 50. Rexd4 Rbxb3 51. Rxc3 Rxc3+
52. Kg4 Rc6 53. Rd5 b6 54. h5 Ke6 55. Rd8 Rc2 56. g3 Rc3 57. Re8+ Kf6 58. Kh4
Rc4 59. Rb8 Rxa4 60. Rxb6+ Kf5 61. Rb8 Kf6 62. Rf8+ Ke7 63. Ra8 Kf6 64. Kg4 Ra3
65. Rb8 a5 66. Rb6+ Kf7 67. Ra6 a4 68. Kh4 Ra1 69. Kg5 a3 70. Ra7+ Kf8 71. g4
a2 72. Kf5 Ke8 73. g5 Kf8 74. Kg6 Rb1 75. Ra8+ 1-0

[Event "18th Tilburg Interpolis it"]
[Site "Tilburg NED"]
[Date "1994.??.??"]
[Round "1.3"]
[White "Damljanovic, Branko"]
[Black "Gulko, Boris"]
[Result "1/2-1/2"]
[WhiteElo "2505"]
[BlackElo "2590"]
[EventDate "1994.??.??"]
[PlyCount "163"]

1. Nf3 c5 2. g3 g6 3. Bg2 Bg7 4. O-O Nc6 5. c3 e5 6. d3 Nge7 7. a3 a5 8. a4 O-O
9. e4 d6 10. Na3 h6 11. Nb5 Be6 12. Nd2 d5 13. exd5 Bxd5 14. Bxd5 Nxd5 15. Nc4
Qd7 16. Qe2 Rad8 17. Bd2 Rfe8 18. Rad1 Re6 19. Rfe1 f5 20. f3 Rde8 21. Qf2 Bf8
22. Be3 Qe7 23. Bc1 Qd7 24. Qc2 Kh7 25. Qg2 Bg7 26. Qh3 Rf8 27. Re2 Qd8 28. Qg2
Nb6 29. Nxb6 Qxb6 30. Qf2 Rfe8 31. Rde1 Bf8 32. Kh1 Qd8 33. Rd2 Qd7 34. Rdd1
Rd8 35. Kg2 b6 36. Qc2 Bg7 37. Qb3 Re7 38. Na3 Rb8 39. Nc4 Qc7 40. Kg1 Qd8 41.
Qb5 Na7 42. Qb3 Nc6 43. Qc2 Rbb7 44. Qb3 Red7 45. Qc2 Rf7 46. Qg2 Rbd7 47. Qc2
Rfe7 48. Kg2 Rb7 49. Be3 Qd5 50. Qb3 g5 51. Nxa5 Qxb3 52. Nxb3 Red7 53. Rd2 Ra7
54. Ra1 Bf8 55. a5 Nxa5 56. Nxa5 Rxa5 57. Rxa5 bxa5 58. Kf1 a4 59. Rd1 Rb7 60.
Bc1 Kg6 61. Ke2 Bg7 62. Kd2 h5 63. h3 g4 64. fxg4 fxg4 65. hxg4 hxg4 66. Kc2
Rf7 67. Be3 Rf3 68. Bxc5 Rxg3 69. Rf1 Rg2+ 70. Rf2 Rxf2+ 71. Bxf2 Kf5 72. c4 e4
73. dxe4+ Kxe4 74. b3 Kf3 75. Bg1 axb3+ 76. Kxb3 g3 77. c5 Be5 78. c6 g2 79.
Kc4 Bg3 80. Kd5 Ke2 81. Bc5 Kf1 82. Bd4 1/2-1/2

[Event "18th Tilburg Interpolis it"]
[Site "Tilburg NED"]
[Date "1994.??.??"]
[Round "1.4"]
[White "Gulko, Boris"]
[Black "Damljanovic, Branko"]
[Result "1/2-1/2"]
[WhiteElo "2590"]
[BlackElo "2505"]
[EventDate "1994.??.??"]
[PlyCount "71"]

1. d4 Nf6 2. c4 e6 3. Nc3 Bb4 4. e3 c5 5. Bd3 Nc6 6. Nf3 Bxc3+ 7. bxc3 d6 8.
O-O e5 9. Nd2 Qe7 10. Nb3 e4 11. Be2 Bf5 12. a4 O-O 13. Kh1 Bg6 14. f4 exf3 15.
gxf3 Rad8 16. Ra2 b6 17. e4 Nh5 18. Rg1 f5 19. Bg5 Nf6 20. exf5 Bxf5 21. Bd3
Qd7 22. Rag2 g6 23. Qc2 Ne7 24. Nd2 Rde8 25. Ne4 Nh5 26. Bh6 Rf7 27. Re2 Bxe4
28. Rxe4 Kh8 29. Qe2 Nf6 30. Re6 Neg8 31. Rxe8 Nxe8 32. Bg5 Ng7 33. Be4 Ne6 34.
Be3 Nf6 35. dxc5 Nxe4 36. fxe4 1/2-1/2

[Event "18th Tilburg Interpolis it"]
[Site "Tilburg NED"]
[Date "1994.??.??"]
[Round "1.6"]
[White "Damljanovic, Branko"]
[Black "Gulko, Boris"]
[Result "1/2-1/2"]
[WhiteElo "2505"]
[BlackElo "2590"]
[EventDate "1994.??.??"]
[PlyCount "60"]

1. d4 Nf6 2. Nf3 g6 3. c4 Bg7 4. g3 c6 5. Bg2 d5 6. Nbd2 O-O 7. O-O Bf5 8. b3
a5 9. a3 Nbd7 10. Bb2 Ne4 11. Nh4 Nxd2 12. Qxd2 Be6 13. c5 Nf6 14. b4 Qc7 15.
Qd3 b5 16. Bc3 axb4 17. axb4 Qb7 18. Qc2 Bd7 19. e3 Rxa1 20. Rxa1 Ra8 21. Qb2
Ra6 22. Rxa6 Qxa6 23. Qa1 Qxa1+ 24. Bxa1 Bg4 25. f3 Bc8 26. Bf1 g5 27. Ng2 g4
28. fxg4 Nxg4 29. Bc3 e5 30. Bb2 exd4 1/2-1/2

[Event "18th Tilburg Interpolis it"]
[Site "Tilburg NED"]
[Date "1994.??.??"]
[Round "1.7"]
[White "Gulko, Boris"]
[Black "Damljanovic, Branko"]
[Result "1/2-1/2"]
[WhiteElo "2590"]
[BlackElo "2505"]
[EventDate "1994.??.??"]
[PlyCount "220"]

1. d4 Nf6 2. c4 c5 3. d5 g6 4. Nc3 Bg7 5. e4 d6 6. Bd3 O-O 7. Nge2 e6 8. h3
exd5 9. cxd5 Re8 10. O-O a6 11. a4 Nbd7 12. Ng3 Qc7 13. Re1 Rb8 14. Bf4 c4 15.
Bf1 b5 16. axb5 axb5 17. Qb1 b4 18. Na4 h5 19. Rc1 c3 20. bxc3 bxc3 21. Qd3 h4
22. Ne2 Nxe4 23. Nexc3 Ndc5 24. Nxc5 Nxc5 25. Qc4 Bd7 26. Rab1 Rxb1 27. Rxb1
Rc8 28. Nb5 Bxb5 29. Qxb5 Qe7 30. Qb6 Rd8 31. Re1 Qf8 32. Bg5 Rb8 33. Qc7 Rc8
34. Qe7 Qxe7 35. Bxe7 Be5 36. Bxh4 Nb3 37. Bg5 Kg7 38. Be3 Nd4 39. Rd1 Nf5 40.
Bd2 Ne7 41. Bb4 Rb8 42. Be1 Rc8 43. g3 g5 44. Bg2 Rc2 45. Be4 Rc4 46. Bf3 f5
47. Kf1 Kf6 48. Bg2 f4 49. gxf4 Bxf4 50. Rb1 Nf5 51. Bf3 Nh4 52. Bg4 Ng6 53.
Rb3 Rc1 54. Ke2 Ne5 55. Bc3 Rc2+ 56. Kf1 Kg6 57. Be2 Kf5 58. Bb4 Rc1+ 59. Kg2
Ng6 60. Bd3+ Kf6 61. Bxg6 Kxg6 62. Bxd6 Rd1 63. Bxf4 gxf4 64. Rb6+ Kf5 65. d6
Ke4 66. h4 Rd3 67. h5 Kf5 68. Rb5+ Kf6 69. h6 Kg6 70. Rh5 Kh7 71. Rh4 Rxd6 72.
Kf3 Rf6 73. Ke4 f3 74. Rh3 Rf8 75. Rxf3 Re8+ 76. Kd4 Kxh6 77. Rg3 Rd8+ 78. Ke3
Re8+ 79. Kd2 Rd8+ 80. Ke2 Kh5 81. f3 Rf8 82. Kd3 Rd8+ 83. Ke3 Re8+ 84. Kf2 Rf8
85. Rg4 Rf5 86. Ke3 Rf8 87. Rg7 Kh6 88. Rg1 Re8+ 89. Kf2 Rf8 90. Rg3 Kh5 91.
Rg4 Rf5 92. Ke3 Rf8 93. Rg3 Re8+ 94. Kf2 Rf8 95. Rg1 Kh6 96. Ke3 Re8+ 97. Kd4
Rd8+ 98. Ke5 Re8+ 99. Kd5 Rd8+ 100. Ke6 Rf8 101. Rg3 Kh5 102. Ke5 Kh4 103. Rg4+
Kh5 104. Ke4 Re8+ 105. Kf4 Rf8+ 106. Kg3 Rf6 107. Rg8 Kh6 108. Kg4 Rg6+ 109.
Rxg6+ Kxg6 110. Kf4 Kf6 1/2-1/2

[Event "18th Tilburg Interpolis it"]
[Site "Tilburg NED"]
[Date "1994.??.??"]
[Round "1.3"]
[White "Glek, Igor"]
[Black "Van der Wiel, John"]
[Result "1/2-1/2"]
[WhiteElo "2615"]
[BlackElo "2555"]
[EventDate "1994.??.??"]
[PlyCount "130"]

1. e4 c5 2. Nf3 e6 3. Nc3 Nc6 4. Bb5 Nge7 5. O-O a6 6. Bxc6 Nxc6 7. d4 cxd4 8.
Nxd4 d6 9. Re1 Be7 10. Nxc6 bxc6 11. Qg4 Kf8 12. b3 d5 13. Qg3 d4 14. Ne2 c5
15. Nf4 h5 16. Qf3 Kg8 17. Nxh5 e5 18. h3 g6 19. Ng3 Be6 20. Nf1 Kg7 21. Nd2
Qa5 22. Rf1 Rab8 23. Qg3 Rh5 24. Nc4 Bxc4 25. bxc4 Qa4 26. Qd3 Rb4 27. Bd2 Rxc4
28. Rfc1 Bg5 29. Bxg5 Rxg5 30. Rab1 Rc3 31. Qd2 Rh5 32. Rb3 Rc4 33. a3 Qc6 34.
Qd3 Ra4 35. c4 dxc3 36. Rbxc3 Qxe4 37. Qxe4 Rxe4 38. Rxc5 Ra4 39. R1c3 e4 40.
Rxh5 gxh5 41. Kf1 f5 42. g3 h4 43. Ke2 hxg3 44. fxg3 Kf6 45. Ke3 Kg5 46. Kf2
Ra5 47. Ke2 f4 48. gxf4+ Kxf4 49. h4 Rb5 50. Rh3 Rb2+ 51. Kd1 Kg4 52. Re3 Kf4
53. Rh3 e3 54. h5 e2+ 55. Ke1 Kg4 56. Re3 Kxh5 57. Rxe2 Rb5 58. Re4 Kg5 59. Kd2
Kf5 60. Re3 Re5 61. Rh3 Ke4 62. Rh6 Kd5 63. Rxa6 Kc4 64. Rb6 Rb5 65. Rc6+ Rc5
1/2-1/2

[Event "18th Tilburg Interpolis it"]
[Site "Tilburg NED"]
[Date "1994.??.??"]
[Round "1.4"]
[White "Van der Wiel, John"]
[Black "Glek, Igor"]
[Result "1/2-1/2"]
[WhiteElo "2555"]
[BlackElo "2615"]
[EventDate "1994.??.??"]
[PlyCount "98"]

1. e4 e6 2. d4 d5 3. Nd2 c5 4. Ngf3 cxd4 5. exd5 Qxd5 6. Bc4 Qd6 7. O-O Nf6 8.
Nb3 Nc6 9. Nbxd4 Nxd4 10. Qxd4 Bd7 11. Be2 Qc7 12. c4 Bc5 13. Qh4 h6 14. Bf4
Bd6 15. Bxd6 Qxd6 16. Rfd1 Qc7 17. Qg3 Qxg3 18. hxg3 Ke7 19. Ne5 Rac8 20. Rd4
Rc7 21. Rad1 Rhc8 22. f4 a5 23. Bf3 Be8 24. b3 Nd7 25. Nxd7 Bxd7 26. R1d2 Be8
27. Kf2 a4 28. Rd6 axb3 29. axb3 Bc6 30. g4 Ra8 31. R6d4 Bxf3 32. gxf3 b5 33.
cxb5 Rb8 34. Rc4 Rcb7 35. b6 Rxb6 36. Rc7+ Kf6 37. Rdd7 Rf8 38. Rb7 Rxb7 39.
Rxb7 g5 40. fxg5+ hxg5 41. b4 Rc8 42. b5 Rc3 43. b6 Rb3 44. Rb8 Ke5 45. Kg3 Kd6
46. Rf8 Ke7 47. Rg8 Kf6 48. Rb8 Rb2 49. Rb7 Kg7 1/2-1/2

[Event "18th Tilburg Interpolis it"]
[Site "Tilburg NED"]
[Date "1994.??.??"]
[Round "1.6"]
[White "Van der Wiel, John"]
[Black "Glek, Igor"]
[Result "1/2-1/2"]
[WhiteElo "2555"]
[BlackElo "2615"]
[EventDate "1994.??.??"]
[PlyCount "86"]

1. e4 e6 2. d4 d5 3. Nd2 c5 4. exd5 Qxd5 5. Nb3 cxd4 6. Qxd4 Nf6 7. Nf3 Nc6 8.
Qxd5 Nxd5 9. Bb5 Bd7 10. O-O a6 11. Bxc6 Bxc6 12. Na5 Nb4 13. c3 Bxf3 14. gxf3
Nc6 15. Nxc6 bxc6 16. Rd1 Rb8 17. Bf4 Rb7 18. Rd2 Be7 19. Rad1 f6 20. b3 h5 21.
Bd6 h4 22. Bxe7 Kxe7 23. Rd4 Rh5 24. Ra4 a5 25. h3 Rc5 26. Rd3 g5 27. f4 Rd7
28. Rxd7+ Kxd7 29. fxg5 fxg5 30. Kg2 Ke7 31. Rg4 Kf6 32. c4 Re5 33. Rd4 Re2 34.
Rd6 Rxa2 35. Rxc6 Rb2 36. Rc5 Rxb3 37. Rxa5 Rc3 38. Rc5 e5 39. Rc8 Kf5 40. c5
e4 41. c6 Kf6 42. c7 Kg7 43. Re8 Kf7 1/2-1/2

[Event "18th Tilburg Interpolis it"]
[Site "Tilburg NED"]
[Date "1994.??.??"]
[Round "1.3"]
[White "Graf, Alexander"]
[Black "Nijboer, Friso"]
[Result "1-0"]
[WhiteElo "2575"]
[BlackElo "2510"]
[EventDate "1994.??.??"]
[PlyCount "105"]

1. d4 Nf6 2. c4 g6 3. Nc3 Bg7 4. e4 d6 5. f3 O-O 6. Be3 e5 7. d5 Nh5 8. Qd2 f5
9. O-O-O a6 10. Kb1 Nf6 11. Bd3 c5 12. dxc6 Nxc6 13. Nge2 Be6 14. Nd5 Rc8 15.
Nb6 Rc7 16. h3 Qe8 17. Bc2 Qf7 18. Qxd6 fxe4 19. fxe4 Rd8 20. Qa3 Nd4 21. Nxd4
exd4 22. Rxd4 Rxd4 23. Bxd4 Nd7 24. Bxg7 Nxb6 25. Bh6 Nxc4 26. Qf3 Qxf3 27.
gxf3 Rc5 28. Bb3 b5 29. h4 Kf7 30. Bf4 Na5 31. Bxe6+ Kxe6 32. b3 Nc6 33. Kb2 b4
34. Bd2 a5 35. f4 Ne7 36. a3 bxa3+ 37. Kxa3 Rc1 38. Bxc1 Nf5 39. Ka4 Nd6 40.
Kxa5 Nxe4 41. f5+ Kxf5 42. Bg5 Ke6 43. b4 Kd7 44. Kb6 Nd6 45. b5 Nc4+ 46. Kc5
Nd6 47. h5 Nf5 48. Bf4 Ng7 49. Be5 Ne6+ 50. Kd5 Nd4 51. b6 Ke7 52. Bf6+ Kxf6
53. Ke4 1-0

[Event "18th Tilburg Interpolis it"]
[Site "Tilburg NED"]
[Date "1994.??.??"]
[Round "1.4"]
[White "Nijboer, Friso"]
[Black "Graf, Alexander"]
[Result "0-1"]
[WhiteElo "2510"]
[BlackElo "2575"]
[EventDate "1994.??.??"]
[PlyCount "147"]

1. e4 e5 2. Nf3 Nc6 3. Bb5 a6 4. Ba4 Nf6 5. O-O Be7 6. Re1 b5 7. Bb3 d6 8. c3
O-O 9. d4 Bg4 10. d5 Na5 11. Bc2 c5 12. Nbd2 c4 13. h3 Bd7 14. Nf1 Nb7 15. N3h2
Nc5 16. f4 Qb6 17. Kh1 exf4 18. Bxf4 Rae8 19. Ng3 Bd8 20. Nf3 Bc8 21. Nd4 Nfd7
22. b4 cxb3 23. axb3 Ne5 24. Ngf5 g6 25. Ne3 Bf6 26. b4 Ncd7 27. Rc1 Bg7 28.
Nc6 Qc7 29. Bb3 Nf6 30. Nf1 Nxc6 31. dxc6 Qxc6 32. Qxd6 Qb7 33. Ng3 Be6 34. Bc2
Rc8 35. Qd2 Rfd8 36. Qe3 Nd7 37. Bb1 Ne5 38. Ne2 Nc4 39. Qg3 Nd2 40. Nd4 Bxd4
41. Bxd2 Be5 42. Bf4 Bxf4 43. Qxf4 Rd7 44. Re3 Rcd8 45. Kh2 Qb6 46. Rce1 Rd1
47. Bc2 R1d2 48. R3e2 Rxe2 49. Rxe2 Bc4 50. Rd2 Re8 51. Qd6 Qe3 52. Qd4 Qf4+
53. g3 Qg5 54. Qf2 h5 55. Qf4 Qe7 56. Qd6 Qg5 57. Qf4 Qxf4 58. gxf4 a5 59. bxa5
Ra8 60. Rd4 Rxa5 61. Bd3 Ra2+ 62. Kg3 Rd2 63. Bxc4 Rxd4 64. cxd4 bxc4 65. Kf3
c3 66. Ke3 f6 67. d5 g5 68. d6 Kf7 69. fxg5 fxg5 70. e5 Ke6 71. Kd3 g4 72. hxg4
hxg4 73. Ke2 Kxe5 74. Ke1 0-1

[Event "18th Tilburg Interpolis it"]
[Site "Tilburg NED"]
[Date "1994.??.??"]
[Round "1.4"]
[White "Rozentalis, Eduardas"]
[Black "Karlsson, Lars"]
[Result "1-0"]
[WhiteElo "2595"]
[BlackElo "2500"]
[EventDate "1994.??.??"]
[PlyCount "97"]

1. e4 c5 2. c3 e6 3. d4 d5 4. exd5 exd5 5. Nf3 Nf6 6. Bg5 cxd4 7. Nxd4 Be7 8.
Nd2 O-O 9. Be2 Nc6 10. N2f3 h6 11. Bh4 Nh5 12. Bxe7 Qxe7 13. O-O Nf4 14. Re1
Qf6 15. Nxc6 bxc6 16. Qd4 Qxd4 17. Nxd4 c5 18. Nc6 Re8 19. Bf3 Be6 20. b4 cxb4
21. cxb4 a6 22. Rad1 Rac8 23. Nd4 g5 24. g3 Ng6 25. Nb3 d4 26. Rxd4 Bxb3 27.
Rxe8+ Rxe8 28. axb3 Ne5 29. Be4 Kg7 30. Kg2 Rb8 31. f4 gxf4 32. gxf4 Ng4 33.
Kg3 Nf6 34. Bc6 Rb6 35. Rc4 Kf8 36. Bf3 Kg7 37. Kf2 Ne8 38. Ke2 Nf6 39. Kd3 a5
40. bxa5 Rxb3+ 41. Rc3 Rb4 42. Ra3 Rxf4 43. Ke3 Rb4 44. a6 Nd7 45. a7 Nb6 46.
Ra6 Rb3+ 47. Kf2 Rb2+ 48. Kg3 Rb3 49. Rxb6 1-0

[Event "18th Tilburg Interpolis it"]
[Site "Tilburg NED"]
[Date "1994.??.??"]
[Round "1.3"]
[White "Kotronias, Vasilios"]
[Black "Romanishin, Oleg"]
[Result "1/2-1/2"]
[WhiteElo "2545"]
[BlackElo "2605"]
[EventDate "1994.??.??"]
[PlyCount "67"]

1. e4 e5 2. Nf3 Nc6 3. Bb5 a6 4. Ba4 Nf6 5. O-O Be7 6. Re1 b5 7. Bb3 d6 8. c3
O-O 9. h3 Na5 10. Bc2 c5 11. d4 Bb7 12. Nbd2 cxd4 13. cxd4 exd4 14. Nxd4 Re8
15. Nf1 Bf8 16. Ng3 Rc8 17. b3 d5 18. e5 Ne4 19. Nxe4 dxe4 20. Bxe4 Bxe4 21.
Rxe4 Nc6 22. Bb2 Rxe5 23. Rxe5 Nxe5 24. Qe2 Ng6 25. Rd1 Qg5 26. Qg4 Qxg4 27.
hxg4 Rd8 28. Re1 h6 29. g3 Bc5 30. Re4 Ne5 31. Rxe5 Bxd4 32. Bxd4 Rxd4 33. Re8+
Kh7 34. Ra8 1/2-1/2

[Event "18th Tilburg Interpolis it"]
[Site "Tilburg NED"]
[Date "1994.??.??"]
[Round "1.4"]
[White "Romanishin, Oleg"]
[Black "Kotronias, Vasilios"]
[Result "1/2-1/2"]
[WhiteElo "2605"]
[BlackElo "2545"]
[EventDate "1994.??.??"]
[PlyCount "82"]

1. d4 Nf6 2. Nf3 g6 3. g3 Bg7 4. Bg2 O-O 5. O-O d6 6. a4 a5 7. Re1 d5 8. Nbd2
c6 9. e4 dxe4 10. Nxe4 Nbd7 11. Nxf6+ Nxf6 12. c3 Bg4 13. Qb3 Bxf3 14. Bxf3 Qd7
15. Bg2 e6 16. Bd2 Nd5 17. Rad1 b5 18. Bxd5 Qxd5 19. Qxd5 cxd5 20. axb5 Rab8
21. Ra1 Rxb5 22. Bc1 Rc8 23. Kf1 Bf8 24. Ke2 f6 25. Kd3 Kf7 26. Ra2 Bd6 27. f4
h5 28. h4 Rc4 29. Bd2 Bc7 30. Rea1 Ke7 31. Kc2 Kd7 32. Ra4 Rxa4 33. Rxa4 Rb8
34. b3 Kc6 35. c4 dxc4 36. bxc4 Rd8 37. Bc3 Bb6 38. Kd3 Bxd4 39. Bxd4 e5 40.
Rxa5 Rxd4+ 41. Ke3 Rxc4 1/2-1/2

[Event "18th Tilburg Interpolis it"]
[Site "Tilburg NED"]
[Date "1994.??.??"]
[Round "1.6"]
[White "Romanishin, Oleg"]
[Black "Kotronias, Vasilios"]
[Result "1/2-1/2"]
[WhiteElo "2605"]
[BlackElo "2545"]
[EventDate "1994.??.??"]
[PlyCount "86"]

1. d4 Nf6 2. Nf3 g6 3. g3 Bg7 4. Bg2 O-O 5. O-O d6 6. Re1 Nbd7 7. e4 e5 8. a4
a5 9. h3 b6 10. Nc3 Bb7 11. dxe5 dxe5 12. b3 Re8 13. Ba3 Bf8 14. Bxf8 Kxf8 15.
Qd2 Kg7 16. Rad1 Qe7 17. Nd5 Nxd5 18. exd5 Qd6 19. Qc3 f6 20. Nd2 Qc5 21. Qxc5
Nxc5 22. Nc4 Nd7 23. d6 Bxg2 24. Kxg2 c6 25. f4 b5 26. fxe5 fxe5 27. Ne3 bxa4
28. bxa4 Rab8 29. Rb1 Nb6 30. Rb3 Nxa4 31. d7 Red8 32. Rxb8 Rxb8 33. Nc4 Rd8
34. Nxe5 Nc3 35. Rf1 Nd5 36. Rf7+ Kg8 37. c4 Ne3+ 38. Kg1 Nxc4 39. Re7 Kf8 40.
Rf7+ Kg8 41. Re7 Kf8 42. Rf7+ Kg8 43. Re7 Kf8 1/2-1/2

[Event "18th Tilburg Interpolis it"]
[Site "Tilburg NED"]
[Date "1994.??.??"]
[Round "1.4"]
[White "Vyzhmanavin, Alexei"]
[Black "Mokry, Karel"]
[Result "1-0"]
[WhiteElo "2610"]
[BlackElo "2530"]
[EventDate "1994.??.??"]
[PlyCount "85"]

1. d4 d6 2. Nf3 Bg4 3. c4 Nd7 4. Nc3 e5 5. g3 c6 6. Bg2 Be7 7. O-O Ngf6 8. h3
Bh5 9. Nh4 O-O 10. Nf5 Re8 11. Nxe7+ Qxe7 12. b3 Nf8 13. Re1 Rad8 14. d5 c5 15.
Qc2 h6 16. e4 N8h7 17. f4 exf4 18. gxf4 Nd7 19. Bb2 g5 20. Rf1 gxf4 21. Rxf4
Ne5 22. Raf1 Bg6 23. Nd1 Nf8 24. Ne3 Nfd7 25. Kh2 Kh7 26. Qc3 Rg8 27. h4 h5 28.
Bh3 Rde8 29. Qd2 Rg7 30. Qe2 Kg8 31. Rg1 Nf6 32. Nf5 Bxf5 33. Rxg7+ Kxg7 34.
Rxf5 Rh8 35. Bxe5 dxe5 36. Qf3 Rh6 37. Qg3+ Rg6 38. Qxe5 Qxe5+ 39. Rxe5 Rg4 40.
d6 Rf4 41. d7 Rf2+ 42. Kg1 Rd2 43. Rd5 1-0

[Event "18th Tilburg Interpolis it"]
[Site "Tilburg NED"]
[Date "1994.??.??"]
[Round "1.5"]
[White "Mokry, Karel"]
[Black "Vyzhmanavin, Alexei"]
[Result "0-1"]
[WhiteElo "2530"]
[BlackElo "2610"]
[EventDate "1994.??.??"]
[PlyCount "102"]

1. e4 c6 2. d4 d5 3. Nc3 dxe4 4. Nxe4 Nd7 5. Nf3 Ngf6 6. Nxf6+ Nxf6 7. c3 Bg4
8. h3 Bh5 9. g4 Bg6 10. Ne5 Nd7 11. Nxg6 hxg6 12. Bg2 e6 13. Qe2 Nf6 14. f4 Be7
15. O-O Qc7 16. f5 gxf5 17. gxf5 exf5 18. Bf4 Qd7 19. Rae1 Kf8 20. Bg5 Nd5 21.
Qd2 Rh5 22. Bxe7+ Nxe7 23. c4 Rd8 24. Rd1 Rh4 25. Rf4 Rxf4 26. Qxf4 c5 27. d5
Qd6 28. Qh4 Re8 29. Re1 Ng6 30. Rxe8+ Kxe8 31. Qh7 Kf8 32. Qh5 Qf4 33. d6 Qxc4
34. Qxf5 Qd4+ 35. Kh1 Qd1+ 36. Bf1 Qxd6 37. Qc8+ Ke7 38. Qxb7+ Qd7 39. Qe4+ Qe6
40. Qb7+ Kf6 41. Qxa7 Qe4+ 42. Bg2 Qe1+ 43. Kh2 Qe5+ 44. Kh1 Nf4 45. Qa6+ Kg5
46. Qf1 Qxb2 47. a4 Qd2 48. Bc6 Kh4 49. Bg2 c4 50. Qf3 Qxg2+ 51. Qxg2 Nxg2 0-1

[Event "18th Tilburg Interpolis it"]
[Site "Tilburg NED"]
[Date "1994.??.??"]
[Round "1.4"]
[White "Ree, Hans"]
[Black "Morozevich, Alexander"]
[Result "0-1"]
[WhiteElo "2440"]
[BlackElo "2575"]
[EventDate "1994.??.??"]
[PlyCount "38"]

1. c4 b6 2. d4 Bb7 3. Nc3 e6 4. e4 Bb4 5. f3 f5 6. exf5 Nh6 7. fxe6 Nf5 8. Nge2
O-O 9. Qb3 c5 10. exd7 Nxd7 11. d5 Ne5 12. Nf4 Qh4+ 13. Kd1 Nd4 14. Qa4 Rxf4
15. g3 Qh5 16. Bxf4 Qxf3+ 17. Kd2 Qxh1 18. Rd1 Qxh2+ 19. Kc1 Ng6 0-1

[Event "18th Tilburg Interpolis it"]
[Site "Tilburg NED"]
[Date "1994.??.??"]
[Round "1.3"]
[White "Riemersma, Liafbern"]
[Black "Serper, Grigory"]
[Result "1/2-1/2"]
[WhiteElo "2440"]
[BlackElo "2575"]
[EventDate "1994.??.??"]
[PlyCount "79"]

1. e4 c5 2. Nc3 Nc6 3. g3 g6 4. Bg2 Bg7 5. d3 d6 6. Nge2 e6 7. O-O Nge7 8. Bg5
O-O 9. Qd2 Nd4 10. Rae1 f6 11. Be3 e5 12. f4 Be6 13. Nd5 Nxe2+ 14. Rxe2 Nxd5
15. exd5 Bg4 16. Ref2 Qd7 17. fxe5 fxe5 18. Bh6 Qe7 19. Bg5 Qd7 20. Bh6 Qe7 21.
h3 Bxh6 22. Qxh6 Bd7 23. h4 Rxf2 24. Rxf2 Rf8 25. Rxf8+ Qxf8 26. Qg5 Kg7 27.
Qd2 Qd8 28. c3 h6 29. Kh2 g5 30. hxg5 Qxg5 31. Qxg5+ hxg5 32. Be4 Kf6 33. Kg2
Bg4 34. Kf2 Bd7 35. Ke3 Bb5 36. a3 a5 37. b4 cxb4 38. cxb4 axb4 39. axb4 Bd7
40. Kd2 1/2-1/2

[Event "18th Tilburg Interpolis it"]
[Site "Tilburg NED"]
[Date "1994.??.??"]
[Round "1.4"]
[White "Serper, Grigory"]
[Black "Riemersma, Liafbern"]
[Result "1-0"]
[WhiteElo "2575"]
[BlackElo "2440"]
[EventDate "1994.??.??"]
[PlyCount "205"]

1. e4 c5 2. Nf3 d6 3. d4 Nf6 4. Nc3 cxd4 5. Nxd4 g6 6. g3 Nc6 7. Nde2 Bg7 8.
Bg2 Bd7 9. O-O Qc8 10. Nd5 Nxd5 11. exd5 Ne5 12. c3 O-O 13. Nd4 Bh3 14. Re1
Bxg2 15. Kxg2 Re8 16. Nf3 Ng4 17. Bg5 Qc5 18. Qd2 Nf6 19. Rad1 Rac8 20. Qd3 Qc4
21. Qxc4 Rxc4 22. Rd3 Rc5 23. Red1 Rec8 24. h3 Rb5 25. b3 Ne4 26. c4 Ra5 27. a4
Nxg5 28. Nxg5 a6 29. Re1 Rc7 30. Rde3 Bf6 31. Ne4 Bd4 32. Rd3 Bg7 33. Nc3 Bxc3
34. Rxc3 b5 35. axb5 axb5 36. b4 Ra2 37. c5 Rd2 38. cxd6 Rxc3 39. dxe7 Rc8 40.
e8=Q+ Rxe8 41. Rxe8+ Kg7 42. d6 Rxd6 43. Re5 Rd2 44. Rxb5 Rb2 45. Rb6 h5 46. h4
Rb3 47. Kf1 Rb2 48. Ke1 Kf8 49. Rb7 Kg7 50. Rb6 Kf8 51. Kf1 Kg7 52. Kg2 Rb3 53.
Rb8 Kf6 54. b5 Kg7 55. Rb6 Kf8 56. Kf1 Rb2 57. Ke1 Kg7 58. Rb8 Kf6 59. Rb7 Kg7
60. Kf1 Kf6 61. Rb6+ Kg7 62. Kg2 Rb3 63. Rb7 Kf6 64. Rb8 Kg7 65. b6 Kf6 66. Rb7
Ke6 67. Kf1 Rb2 68. Ke1 Kf6 69. Rb8 Kg7 70. Kd1 Rxf2 71. Rc8 Rb2 72. Rc6 Kf8
73. Kc1 Rb5 74. Kc2 Ke7 75. Kc3 Kd7 76. Rc7+ Kd8 77. Rc6 Kd7 78. Rf6 Ke7 79.
Kc4 Rb1 80. Rc6 Kd7 81. Rc7+ Kd8 82. Rb7 Kc8 83. Rc7+ Kd8 84. Kc5 Rc1+ 85. Kd6
Rd1+ 86. Ke5 Re1+ 87. Kf6 Re6+ 88. Kxf7 Rxb6 89. Rc5 Rb3 90. Rd5+ Kc7 91. Rg5
Rf3+ 92. Kxg6 Kd7 93. Kxh5 Ke6 94. Kg6 Rf8 95. h5 Rg8+ 96. Kh6 Ra8 97. g4 Kf6
98. Rg6+ Kf7 99. Kh7 Ra1 100. g5 Rh1 101. Rf6+ Ke7 102. h6 Rh2 103. Kg7 1-0

[Event "18th Tilburg Interpolis it"]
[Site "Tilburg NED"]
[Date "1994.??.??"]
[Round "2.3"]
[White "Boensch, Uwe"]
[Black "Csernyin, Alexander"]
[Result "1/2-1/2"]
[WhiteElo "2540"]
[BlackElo "2615"]
[EventDate "1994.??.??"]
[PlyCount "72"]

1. d4 d5 2. c4 c6 3. e3 Nf6 4. Nc3 a6 5. Nf3 e6 6. b3 Nbd7 7. Bd3 Bd6 8. O-O e5
9. cxd5 cxd5 10. e4 exd4 11. Nxd5 Nxd5 12. exd5 O-O 13. Bb2 Nf6 14. Nxd4 Be5
15. Nc6 Bxh2+ 16. Kxh2 bxc6 17. Bxf6 Qxf6 18. dxc6 Qxc6 19. Kg1 Bb7 20. Qg4
Rad8 21. Rfd1 g6 22. Bf1 h5 23. Qg5 Rxd1 24. Rxd1 Re8 25. Rc1 Qd6 26. Qc5 Qxc5
27. Rxc5 Rc8 28. Rxc8+ Bxc8 29. f4 f6 30. Kf2 Kf7 31. g3 g5 32. fxg5 fxg5 33.
Be2 h4 34. gxh4 gxh4 35. b4 Ke7 36. Kg2 Kd6 1/2-1/2